[Event "Sivas op 1st"]
[Site "Sivas"]
[Date "2019.08.19"]
[Round "1"]
[White "Erdogan, Celalettin"]
[Black "Khvadagiani, Nika"]
[Result "0-1"]
[WhiteElo "1347"]
[BlackElo "1880"]
[PlyCount "60"]
[EventDate "2019.08.19"]
[EventType "swiss"]
[EventRounds "9"]
[EventCountry "TUR"]
[SourceTitle "EXT 2020"]
[Source "ChessBase"]
[SourceDate "2019.10.17"]
[SourceVersion "1"]
[SourceVersionDate "2019.10.17"]
[SourceQuality "1"]

1. d4 Nf6 2. c4 e6 3. Nc3 d5 4. a3 b6 5. Nf3 Be7 6. e3 0-0 7. cxd5 exd5 8. Ne5 Bb7 9. Be2 Nbd7 10. f4 Ne4 11. 0-0 Nxe5 12. fxe5 f6 13. Nxe4 dxe4 14. Qe1 fxe5 15. Rxf8+ Qxf8 16. dxe5 Qf5 17. Qg3 Rd8 18. Bg4 Qg6 19. b4 Ba6 20. Bb2 h5 21. Bd1 Qf7 22. Bc2 Rd2 23. e6 Qf8 24. Rc1 Rxc2 25. Qe1 Rxb2 26. Rxc7 Bd3 27. Rc1 Qf6 28. Qg3 Qxe6 29. Qb8+ Kh7 30. Qe8 Qg6 0-1

[Event "GEO-chT Club"]
[Site "Tbilisi"]
[Date "2017.11.30"]
[Round "2.4"]
[White "Ghvamberia, Nika"]
[Black "Khvadagiani, Nika"]
[Result "1-0"]
[WhiteElo "2232"]
[BlackElo "2001"]
[PlyCount "81"]
[EventDate "2017.11.29"]
[EventType "team-tourn"]
[EventRounds "7"]
[EventCountry "GEO"]
[SourceTitle "CBM 181 Extra"]
[Source "ChessBase"]
[SourceDate "2017.12.12"]
[SourceVersion "1"]
[SourceVersionDate "2017.12.12"]
[SourceQuality "1"]
[WhiteTeam "Tbilisi Moazrovne Taoba"]
[BlackTeam "Racha Ambrulauri"]
[WhiteTeamCountry "GEO"]
[BlackTeamCountry "GEO"]

1. e4 e5 2. Nf3 Nc6 3. Bb5 a6 4. Ba4 Nf6 5. 0-0 d6 6. Re1 Be7 7. c3 b5 8. Bb3 Na5 9. Bc2 c5 10. d4 Qc7 11. d5 Bg4 12. Nbd2 0-0 13. h3 Bh5 14. Nf1 Rfc8 15. g4 Bg6 16. Ng3 Nb7 17. Bg5 h6 18. Be3 c4 19. g5 hxg5 20. Nxg5 Qd7 21. Qf3 Nc5 22. Kh2 a5 23. Rg1 Bf8 24. Bd1 Nh7 25. Nxh7 Bxh7 26. Nh5 Bg6 27. Ng3 Be7 28. Qg2 Rc7 29. Bg4 Qe8 30. Bf5 Bf8 31. Bxc5 Rxc5 32. h4 Qe7 33. Qh3 Rc7 34. h5 Bxf5 35. Nxf5 Qf6 36. Rg2 b4 37. Rag1 Kh8 38. Rg6 Qd8 39. h6 Kg8 40. hxg7 fxg6 41. Qh8+ 1-0

[Event "Malatya Golden Apricot op 4th"]
[Site "Malatya"]
[Date "2016.08.22"]
[Round "2"]
[White "Chigladze, Iveri"]
[Black "Khvadagiani, Nika"]
[Result "1-0"]
[WhiteElo "2346"]
[BlackElo "2003"]
[PlyCount "69"]
[EventDate "2016.08.21"]
[EventType "swiss"]
[EventRounds "9"]
[EventCountry "TUR"]
[SourceTitle "CBM 174 Extra"]
[Source "ChessBase"]
[SourceDate "2016.10.10"]
[SourceVersion "1"]
[SourceVersionDate "2016.10.10"]
[SourceQuality "1"]

1. g3 Nf6 2. Bg2 g6 3. c4 Bg7 4. Nc3 0-0 5. d4 d6 6. Nf3 Nbd7 7. 0-0 e5 8. Qc2 c6 9. Rd1 Qc7 10. b4 Re8 11. Rb1 a6 12. a4 Nf8 13. b5 axb5 14. axb5 Be6 15. b6 Qc8 16. dxe5 dxe5 17. Nxe5 Bf5 18. Nd3 Qe6 19. Qb3 N8d7 20. Bf4 Qe7 21. Ra1 Rxa1 22. Rxa1 Ne4 23. Bxe4 Bxe4 24. Rd1 Bxd3 25. exd3 Nxb6 26. Ne4 Nc8 27. c5 Bd4 28. Qb4 Qd7 29. Rb1 b6 30. cxb6 Nxb6 31. Nd6 Rd8 32. Qxd4 Nd5 33. Rb7 Qg4 34. Nxf7 Qd1+ 35. Kg2 1-0

[Event "EU-ch U14 25th"]
[Site "Porec"]
[Date "2015.09.29"]
[Round "8"]
[White "Khvadagiani, Nika"]
[Black "Nordquelle, Daniel"]
[Result "1-0"]
[WhiteElo "1869"]
[BlackElo "2020"]
[PlyCount "101"]
[EventDate "2015.09.21"]
[EventType "swiss"]
[EventRounds "9"]
[EventCountry "CRO"]
[SourceTitle "EXT 2016"]
[Source "ChessBase"]
[SourceDate "2015.10.08"]
[SourceVersion "1"]
[SourceVersionDate "2015.10.08"]
[SourceQuality "1"]

1. Nf3 f5 2. d4 d6 3. g3 Nf6 4. c4 g6 5. Nc3 Bg7 6. Bg2 0-0 7. 0-0 c6 8. Re1 Na6 9. e4 fxe4 10. Nxe4 Nxe4 11. Rxe4 Bf5 12. Re1 Qd7 13. Bd2 Rae8 14. Bc3 Nc7 15. Qd2 b5 16. b3 bxc4 17. bxc4 Be6 18. d5 cxd5 19. Ng5 Bxc3 20. Qxc3 Bf5 21. cxd5 h6 22. Ne6 Nxe6 23. dxe6 Qa4 24. Qc1 Rc8 25. Qxh6 Rc2 26. Qe3 Rxa2 27. Rxa2 Qxa2 28. h3 Rf6 29. Qd4 Kh7 30. Bd5 Qa5 31. Ra1 Qb6 32. Qh4+ Kg8 33. Rc1 Qb8 34. g4 Bd3 35. Qg3 Bb5 36. g5 Rf8 37. Rb1 a6 38. Be4 Kg7 39. Qc3+ Kh7 40. Qc2 Qe8 41. Rb4 d5 42. Bxd5 Rf5 43. Rh4+ Kg8 44. Qc3 Rxg5+ 45. Kh1 Rh5 46. Rxh5 gxh5 47. Qg3+ Kh8 48. Qe5+ Kg8 49. Qg5+ Kh8 50. Qh6+ Kg8 51. Be4 1-0

[Event "EU-ch U14 25th"]
[Site "Porec"]
[Date "2015.09.23"]
[Round "3"]
[White "Rajkovic, Frano"]
[Black "Khvadagiani, Nika"]
[Result "0-1"]
[WhiteElo "1711"]
[BlackElo "1869"]
[PlyCount "86"]
[EventDate "2015.09.21"]
[EventType "swiss"]
[EventRounds "9"]
[EventCountry "CRO"]
[SourceTitle "EXT 2016"]
[Source "ChessBase"]
[SourceDate "2015.10.08"]
[SourceVersion "1"]
[SourceVersionDate "2015.10.08"]
[SourceQuality "1"]

1. d4 Nf6 2. Nf3 e6 3. Bf4 b6 4. e3 c5 5. c3 Bb7 6. Nbd2 Be7 7. Bd3 d5 8. Ne5 Nbd7 9. 0-0 0-0 10. Bg3 Ne4 11. Nxe4 dxe4 12. Bc2 Nxe5 13. Bxe5 f6 14. Bg3 cxd4 15. exd4 f5 16. Be5 Bf6 17. Bb3 Qe7 18. Qe2 Rad8 19. Rfd1 Bd5 20. c4 Bxe5 21. cxd5 Bf6 22. dxe6 Bxd4 23. Rd2 Rd6 24. Rad1 Rfd8 25. Kh1 g6 26. Qc4 Be5 27. Qb4 Rxd2 28. Rxd2 Qxb4 29. e7+ Rd5 30. e8Q+ Kg7 31. Bxd5 Qxd2 32. Qxe5+ Kh6 33. h3 Qxf2 34. Kh2 e3 35. Qd4 f4 36. Bc4 Qg3+ 37. Kg1 Qe1+ 38. Bf1 Qf2+ 39. Kh2 Qxf1 40. Qb4 e2 41. Qf8+ Kh5 42. Qe7 e1Q 43. Qxh7+ Kg5 0-1

[Event "EU-ch U14 24th"]
[Site "Batumi"]
[Date "2014.10.26"]
[Round "7"]
[White "Khvadagiani, Nika"]
[Black "Feldman, Antony"]
[Result "1/2-1/2"]
[WhiteElo "1723"]
[BlackElo "1928"]
[PlyCount "40"]
[EventDate "2014.10.19"]
[EventType "swiss"]
[EventRounds "9"]
[EventCountry "GEO"]
[SourceTitle "EXT 2015"]
[Source "ChessBase"]
[SourceDate "2014.11.20"]
[SourceVersion "1"]
[SourceVersionDate "2014.11.20"]
[SourceQuality "1"]

1. e4 c5 2. Nf3 e6 3. d4 cxd4 4. Nxd4 Nf6 5. Nc3 d6 6. Be3 a6 7. a4 Be7 8. Be2 0-0 9. 0-0 Qc7 10. f4 Nc6 11. Nb3 b6 12. Bf3 Bb7 13. Qe2 Nb4 14. Rad1 Rac8 15. Rd2 d5 16. exd5 Nbxd5 17. Nxd5 Nxd5 18. Qd1 Qc4 19. Bxd5 Bxd5 20. Bxb6 Qxa4 1/2-1/2

[Event "EU-ch U14 24th"]
[Site "Batumi"]
[Date "2014.10.20"]
[Round "2"]
[White "Drori, Saar"]
[Black "Khvadagiani, Nika"]
[Result "1-0"]
[WhiteElo "2015"]
[BlackElo "1723"]
[PlyCount "74"]
[EventDate "2014.10.19"]
[EventType "swiss"]
[EventRounds "9"]
[EventCountry "GEO"]
[SourceTitle "EXT 2015"]
[Source "ChessBase"]
[SourceDate "2014.11.20"]
[SourceVersion "1"]
[SourceVersionDate "2014.11.20"]
[SourceQuality "1"]

1. e4 c5 2. Nf3 d6 3. d4 cxd4 4. Nxd4 Nf6 5. Nc3 g6 6. g3 Bg7 7. Bg2 0-0 8. 0-0 Nc6 9. Nde2 Be6 10. h3 Rc8 11. Be3 Qa5 12. a4 Bc4 13. Re1 Rfd8 14. Nf4 e6 15. Bd2 Qb6 16. b3 Ba6 17. Rc1 Ne7 18. Nd3 d5 19. exd5 Nexd5 20. Nxd5 Nxd5 21. c4 Ne7 22. Qc2 Qd6 23. Bf1 Nc6 24. Be3 Nd4 25. Bxd4 Bxd4 26. Kh2 b6 27. Bg2 Bg7 28. Rcd1 Qc7 29. f3 Bb7 30. Qe2 Bc3 31. Rf1 Rd7 32. Nf2 Rcd8 33. Rxd7 Rxd7 34. Rd1 Rxd1 35. Nxd1 Be5 36. f4 Bf6 37. b4 Be7 1-0

[Event "Wch U12"]
[Site "Al Ain"]
[Date "2013.12.21"]
[Round "4"]
[White "Quirhuayo Chumbe, German Gonzalo"]
[Black "Khvadagiani, Nika"]
[Result "1/2-1/2"]
[WhiteElo "1858"]
[BlackElo "1640"]
[PlyCount "66"]
[EventDate "2013.12.18"]
[EventType "swiss"]
[EventRounds "11"]
[EventCountry "UAE"]
[SourceTitle "CBM 158 Extra"]
[Source "ChessBase"]
[SourceDate "2014.02.28"]
[SourceVersion "1"]
[SourceVersionDate "2014.02.28"]
[SourceQuality "1"]

1. e4 g6 2. d4 Bg7 3. Nc3 d6 4. Be3 c6 5. f4 Nd7 6. Nf3 Qc7 7. Qd2 Ngf6 8. h3 b5 9. e5 Ng8 10. Bd3 d5 11. g4 Nb6 12. b3 e6 13. f5 a6 14. fxg6 hxg6 15. h4 Nd7 16. Ne2 c5 17. c3 Bb7 18. Ng5 Nxe5 19. dxe5 d4 20. Rf1 dxe3 21. Qxe3 Nh6 22. 0-0-0 Nxg4 23. Qh3 Nxe5 24. Nxf7 Nxf7 25. Bxg6 0-0 26. Nf4 Qa5 27. Nxe6 Qxa2 28. Nxg7 Qa3+ 29. Kc2 Kxg7 30. Qf5 Qa2+ 31. Kc1 Qa3+ 32. Kc2 Qa2+ 33. Kc1 Qxb3 1/2-1/2

[Event "Wch U12"]
[Site "Al Ain"]
[Date "2013.12.18"]
[Round "1"]
[White "Khvadagiani, Nika"]
[Black "Lu, Albert"]
[Result "0-1"]
[WhiteElo "1640"]
[BlackElo "2062"]
[PlyCount "52"]
[EventDate "2013.12.18"]
[EventType "swiss"]
[EventRounds "11"]
[EventCountry "UAE"]
[SourceTitle "CBM 158 Extra"]
[Source "ChessBase"]
[SourceDate "2014.02.28"]
[SourceVersion "1"]
[SourceVersionDate "2014.02.28"]
[SourceQuality "1"]

1. d4 d5 2. c4 e6 3. Nf3 Nf6 4. cxd5 exd5 5. g3 Bd6 6. Bg2 0-0 7. 0-0 Bf5 8. Nc3 c6 9. Nh4 Be6 10. a3 a5 11. f3 Qb6 12. Kh1 c5 13. dxc5 Qxc5 14. Bg5 Nbd7 15. f4 d4 16. Na4 Qa7 17. e4 b5 18. Nc3 dxc3 19. Qxd6 Bc4 20. e5 Bxf1 21. Rxf1 Ng4 22. Bxa8 Qxa8+ 23. Nf3 Ne3 24. e6 Nxf1 25. exd7 cxb2 26. Qd3 Nd2 0-1